000 00732nam a22002057a 4500
005 20170515154448.0
010 _aB-514906-918
020 _a9789350491843
_c399.00
035 _aB-514906-918
037 _bBBB/Ven
_adpl
082 _a507.8
100 _aJackson, Tom
245 _aCool Science:
_cby Tom Jackson
_bexperiments with light and colour/
260 _aMumbai
_bShree Book Publishers
_c2011
270 _a8 kakad Industrial Estate,S.Keer Road,(Off.L.J.Road), Matunga (West)
_bMumbai
_e400016
300 _a32p. :
_c26cm(Hb)
_bcol.ill.
500 _aIncludes index
942 _2ddc
_cCH
_mJAC
_h507.8
999 _c79244
_d79244